[Event "?"]
[Site "?"]
[Date "2004.03.21"]
[Round "1.4"]
[White "Zhukova, N."]
[Black "Sharevich, A."]
[Result "1-0"]
[WhiteElo "2462"]
[BlackElo "2236"]
[PlyCount "131"]
[EventDate "2004.??.??"]

1. d4 d5 2. c4 e6 3. Nc3 Be7 4. Nf3 Nf6 5. Bg5 h6 6. Bh4 O-O 7. e3 b6 8. Bd3
Bb7 9. O-O c5 10. dxc5 bxc5 11. cxd5 exd5 12. Bf5 g6 13. Bc2 Nbd7 14. Re1 Re8
15. Ba4 Rf8 16. Qb3 Nb6 17. Rad1 Nfd7 18. Bg3 c4 19. Qc2 Nc5 20. Ne5 Bf6 21. b4
Nd3 22. Rxd3 cxd3 23. Qxd3 Nxa4 24. Nxa4 Qe7 25. Nc5 Bxe5 26. Bxe5 Qxe5 27.
Nxb7 Rfc8 28. Nc5 a5 29. Nd7 Qd6 30. Qxd5 Qxd5 31. Nf6+ Kg7 32. Nxd5 Rd8 33. e4
axb4 34. Nxb4 Ra4 35. a3 Rxa3 36. g3 Rd2 37. Kg2 Rb3 38. Nd5 Rbb2 39. Rf1 Rd4
40. Re1 f5 41. Ra1 Rb7 42. Ra6 g5 43. Ne3 Rd2 44. Nxf5+ Kf8 45. Rf6+ Ke8 46.
Nxh6 Rbb2 47. Ng4 Ke7 48. Rf5 Rb4 49. Kf3 Rdd4 50. Re5+ Kf7 51. Ne3 Kg6 52. Nd5
Ra4 53. h4 gxh4 54. gxh4 Ra3+ 55. Kg4 Rd1 56. h5+ Kf7 57. Re7+ Kf8 58. Rd7 Rg1+
59. Kf5 Rh1 60. f4 Ra6 61. Nf6 Rh4 62. e5 Rh1 63. e6 Ra5+ 64. Kg6 Rg1+ 65. Kh6
Re1 66. Rf7# 1-0

[Event "?"]
[Site "?"]
[Date "2004.03.21"]
[Round "1.5"]
[White "Partac, E."]
[Black "Dzagnidze, N."]
[Result "0-1"]
[WhiteElo "2230"]
[BlackElo "2457"]
[PlyCount "102"]
[EventDate "2004.??.??"]

1. e4 c5 2. Nf3 d6 3. d4 cxd4 4. Qxd4 a6 5. Be3 Nf6 6. Nc3 Nc6 7. Qb6 Qxb6 8.
Bxb6 Bg4 9. Be2 g6 10. Be3 Bg7 11. Rd1 Bxf3 12. Bxf3 O-O 13. O-O Nd7 14. Nd5
Nc5 15. Nb6 Rad8 16. Bxc5 dxc5 17. Nd7 Rfe8 18. Nxc5 Bxb2 19. Nxb7 Rb8 20. Nc5
a5 21. Nd3 Bc3 22. g3 Nd4 23. Bg2 Nxc2 24. Nf4 e6 25. Rd7 Nd4 26. Rc1 Rec8 27.
Rd1 Rb2 28. h4 Rxa2 29. Bh3 Ra1 30. Rxa1 Bxa1 31. Kg2 Ra8 32. Nd3 Nb3 33. Rb7
a4 34. Bg4 Bg7 35. Bd1 Nd2 36. Bxa4 Rxa4 37. Rb8+ Bf8 38. h5 Nxe4 39. Ne5 Ra7
40. Rd8 Nf6 41. h6 Re7 42. g4 Re8 43. Rxe8 Nxe8 44. g5 f6 45. Nf3 fxg5 46. Nxg5
Nc7 47. Ne4 Bxh6 48. Nf6+ Kf7 49. Ng4 Bf4 50. Kf3 e5 51. Ke4 h5 0-1

[Event "?"]
[Site "?"]
[Date "2004.03.21"]
[Round "1.6"]
[White "Kovalevskaya, E."]
[Black "Mamedjarova, T."]
[Result "1-0"]
[WhiteElo "2451"]
[BlackElo "2229"]
[PlyCount "79"]
[EventDate "2004.??.??"]

1. e4 e5 2. Nf3 Nc6 3. Bc4 Bc5 4. c3 Nf6 5. d3 d6 6. O-O O-O 7. Nbd2 a6 8. Bb3
d5 9. exd5 Nxd5 10. Nc4 f6 11. d4 exd4 12. Nxd4 Bxd4 13. cxd4 Kh8 14. Re1 Bf5
15. Ne3 Nxe3 16. Bxe3 Qd6 17. Qf3 Bg6 18. Bd5 Rad8 19. Bxc6 Qxc6 20. Qxc6 bxc6
21. Rac1 Rd6 22. f3 Re8 23. Kf2 Rb8 24. b3 a5 25. Rc5 Ra8 26. Rec1 Be8 27. R1c4
Rd5 28. Ra4 f5 29. Bd2 Rad8 30. Rxd5 Rxd5 31. Rxa5 Kg8 32. Rxd5 cxd5 33. Bf4 c6
34. Ke3 Kf7 35. Kd2 Ke6 36. Kc3 Kd7 37. Kb4 Kc8 38. Kc5 Kb7 39. h4 Ka6 40. Be5
1-0

[Event "?"]
[Site "?"]
[Date "2004.03.21"]
[Round "1.7"]
[White "Jelica, M."]
[Black "Kosintseva, T."]
[Result "0-1"]
[WhiteElo "2222"]
[BlackElo "2447"]
[PlyCount "204"]
[EventDate "2004.??.??"]

1. e4 c5 2. Nc3 d6 3. f4 g6 4. Nf3 Bg7 5. Bb5+ Bd7 6. Bxd7+ Qxd7 7. O-O Nc6 8.
Kh1 Nh6 9. d3 O-O 10. Qe1 f5 11. Bd2 e6 12. Qh4 d5 13. e5 Nf7 14. Ne2 d4 15. a3
b5 16. b3 Qd5 17. Be1 Rfc8 18. Rd1 a5 19. Rb1 Rcb8 20. Qf2 a4 21. b4 Bf8 22.
bxc5 Bxc5 23. Bb4 Bxb4 24. axb4 Rd8 25. c3 dxc3 26. Nxc3 Qxd3 27. Qc5 Rac8 28.
Rfd1 Nxb4 29. Qxb4 Qxc3 30. Rxd8+ Nxd8 31. Qxb5 Qc6 32. Qb4 Qe4 33. Qb5 Nf7 34.
h3 Qxf4 35. Qd7 Rc1+ 36. Rxc1 Qxc1+ 37. Kh2 Qf4+ 38. Kh1 Qc4 39. Nd4 Qf1+ 40.
Kh2 Qf4+ 41. Kh1 Qxe5 42. Nxe6 Qe1+ 43. Kh2 Qe5+ 44. Kh1 Qb8 45. Qxa4 Qb1+ 46.
Kh2 Qb8+ 47. Kh1 Ne5 48. Qa2 Kh8 49. Qd5 h6 50. Nd8 Kg7 51. Ne6+ Kf6 52. Nc5
Qc7 53. Qd4 g5 54. Nd3 Ke6 55. Nc5+ Ke7 56. Qd5 Qd6 57. Qxd6+ Kxd6 58. Nb3 Kd5
59. Kh2 f4 60. Kg1 Kc4 61. Na5+ Kd3 62. Kf2 Ke4 63. Nb7 Kd5 64. Na5 h5 65. Nb3
Kc4 66. Nd2+ Kd3 67. Nb3 Ke4 68. Nc5+ Kd5 69. Nb3 g4 70. hxg4 hxg4 71. Ke2 Nc6
72. Nd2 Kd4 73. Nb3+ Kd5 74. Nd2 Nd4+ 75. Kf2 Nf5 76. Ke2 Nh4 77. Kf2 g3+ 78.
Kf1 Kd4 79. Kg1 Kd3 80. Nb3 Nf5 81. Nc5+ Ke3 82. Ne6 Nd4 83. Ng5 Ke2 84. Ne4
Ke1 85. Ng5 Ne2+ 86. Kh1 Kf1 87. Nf3 Kf2 88. Ng5 Nc3 89. Nh3+ Ke3 90. Ng5 Ne4
91. Nf3 Nd2 92. Ng5 f3 93. gxf3 Kf2 94. Nh3+ Kf1 95. Nf4 Nxf3 96. Ng2 Kf2 97.
Nf4 Ne5 98. Nd3+ Kf1 99. Nf4 Nd3 100. Nh3 Nf2+ 101. Nxf2 g2+ 102. Kh2 Kxf2 0-1

[Event "?"]
[Site "?"]
[Date "2004.03.21"]
[Round "1.8"]
[White "Radziewicz, I."]
[Black "Roessler, U."]
[Result "1-0"]
[WhiteElo "2442"]
[BlackElo "2221"]
[PlyCount "67"]
[EventDate "2004.??.??"]

1. d4 Nf6 2. c4 g6 3. Nc3 Bg7 4. e4 d6 5. Be2 O-O 6. Bg5 Na6 7. Qc2 e5 8. dxe5
dxe5 9. Rd1 Qe8 10. Nd5 Nxd5 11. cxd5 Bd7 12. Bxa6 bxa6 13. Be3 Qb8 14. Ne2 f5
15. Bc5 Rf7 16. exf5 gxf5 17. O-O f4 18. f3 Bf5 19. Qd2 Kh8 20. Nc3 Bf6 21. Qe2
Qg8 22. Ne4 Bh4 23. d6 Bh3 24. Kh1 Bd7 25. Nc3 Qg7 26. dxc7 Rg8 27. Bd6 e4 28.
Nxe4 Bb5 29. Qc2 Bxf1 30. Rxf1 Rc8 31. Rc1 Be7 32. Qc3 Bxd6 33. Nxd6 Rfxc7 34.
Qxg7+ 1-0

[Event "?"]
[Site "?"]
[Date "2004.03.21"]
[Round "1.9"]
[White "Makka, I."]
[Black "Peptan, C."]
[Result "0-1"]
[WhiteElo "2205"]
[BlackElo "2439"]
[PlyCount "100"]
[EventDate "2004.??.??"]

1. e4 c5 2. Nf3 d6 3. d4 cxd4 4. Nxd4 Nf6 5. Nc3 a6 6. g3 g6 7. Bg2 Bg7 8. O-O
O-O 9. h3 Nbd7 10. Re1 e6 11. b3 Qc7 12. Bb2 Rb8 13. a4 Rd8 14. Qd2 e5 15. Nde2
b5 16. axb5 axb5 17. Ra2 b4 18. Nd5 Nxd5 19. exd5 Nf6 20. Rea1 Bf5 21. g4 Bd7
22. Ng3 h6 23. Nf1 h5 24. g5 Ne8 25. Ne3 Qc8 26. Kh2 Bf8 27. Nc4 Qc7 28. f4
exf4 29. Qxf4 Bb5 30. Ne3 Bg7 31. Bf6 Bxf6 32. gxf6 Qc3 33. Ra7 Qxf6 34. Qxf6
Nxf6 35. Kg3 Re8 36. Kf4 Nd7 37. Nc4 Bxc4 38. Rxd7 Bb5 39. Rxd6 Re2 40. Be4 Re8
41. Bd3 Bxd3 42. cxd3 Rf2+ 43. Kg3 Rd2 44. Ra7 Rxd3+ 45. Kf4 Rd4+ 46. Kf3 Rd3+
47. Kf4 Kg7 48. Rdd7 Kh6 49. Rxf7 g5+ 50. Kf5 Rf3# 0-1

[Event "?"]
[Site "?"]
[Date "2004.03.21"]
[Round "1.12"]
[White "Gaponenko, I."]
[Black "Andersson, C."]
[Result "1-0"]
[WhiteElo "2430"]
[BlackElo "2196"]
[PlyCount "35"]
[EventDate "2004.??.??"]

1. e4 e6 2. d4 d5 3. exd5 exd5 4. c4 Nf6 5. Nf3 Bb4+ 6. Nc3 O-O 7. Bd3 Re8+ 8.
Be3 dxc4 9. Bxc4 Nd5 10. O-O Bxc3 11. bxc3 Nc6 12. Ng5 Nxe3 13. Bxf7+ Kf8 14.
Qh5 Bg4 15. Nxh7+ Ke7 16. Qg5+ Kd7 17. Bxe8+ Qxe8 18. fxe3 1-0

[Event "?"]
[Site "?"]
[Date "2004.03.21"]
[Round "1.13"]
[White "Hitzgerova, G."]
[Black "Danielian, E."]
[Result "0-1"]
[WhiteElo "2190"]
[BlackElo "2428"]
[PlyCount "74"]
[EventDate "2004.??.??"]

1. e4 e6 2. d4 d5 3. e5 c5 4. c3 Nc6 5. Nf3 Bd7 6. a3 Nge7 7. b4 cxd4 8. cxd4
Nf5 9. Be3 Nxe3 10. fxe3 f6 11. exf6 Qxf6 12. Nc3 Qh6 13. Qd2 Bd6 14. Bd3 O-O
15. Ra2 e5 16. e4 Qxd2+ 17. Rxd2 Nxd4 18. Nxd4 exd4 19. Nxd5 Rac8 20. Rc2 Rxc2
21. Bxc2 Bb5 22. Bb3 Kh8 23. Bd1 g6 24. Bf3 Rc8 25. Kd2 Bf8 26. Ra1 Bh6+ 27.
Ke1 d3 28. Rd1 Rc2 29. e5 Kg7 30. e6 d2+ 31. Kf2 Ba4 32. e7 Kf7 33. Ke2 Ra2 34.
Bg4 Bxd1+ 35. Kxd1 Ra1+ 36. Kc2 d1=Q+ 37. Bxd1 Rc1+ 0-1

[Event "?"]
[Site "?"]
[Date "2004.03.21"]
[Round "1.14"]
[White "Kosintseva, N."]
[Black "Aginian, N."]
[Result "1-0"]
[WhiteElo "2425"]
[BlackElo "2189"]
[PlyCount "105"]
[EventDate "2004.??.??"]

1. e4 e6 2. d4 d5 3. Nc3 Nf6 4. e5 Nfd7 5. f4 c5 6. Nf3 a6 7. Ne2 Nc6 8. c3 f6
9. a3 cxd4 10. Nexd4 Nc5 11. Be3 Ne4 12. Bd3 Nxd4 13. Bxd4 Be7 14. O-O O-O 15.
Qe2 f5 16. Qe3 Bd7 17. c4 dxc4 18. Bxc4 Kh8 19. Rfd1 Qe8 20. Qb3 Ba4 21. Qxb7
Nc5 22. Qc7 Rc8 23. Qa5 Bxd1 24. Rxd1 Qc6 25. Bf1 Nb3 26. Qxa6 Nxd4 27. Nxd4
Bc5 28. b4 Qxa6 29. Bxa6 Bb6 30. Bxc8 Rxc8 31. Kf1 Rd8 32. Rc1 Bxd4 33. Rc6 Ra8
34. a4 Kg8 35. a5 Kf7 36. Ke2 g5 37. Rc7+ Kg6 38. Kd3 Bg1 39. Rc6 gxf4 40.
Rxe6+ Kg5 41. a6 Bxh2 42. b5 Bg1 43. Kc4 Kg4 44. Re7 Rc8+ 45. Kb3 f3 46. gxf3+
Kxf3 47. Rxh7 Ke4 48. e6 f4 49. a7 f3 50. Rc7 Ra8 51. e7 Bb6 52. Rb7 f2 53. Rb8
1-0

[Event "?"]
[Site "?"]
[Date "2004.03.21"]
[Round "1.16"]
[White "Socko, M."]
[Black "Lauterbach, I."]
[Result "1-0"]
[WhiteElo "2415"]
[BlackElo "2171"]
[PlyCount "71"]
[EventDate "2004.??.??"]

1. d4 d6 2. c4 e5 3. Nc3 exd4 4. Qxd4 Nc6 5. Qd2 Nf6 6. b3 Be7 7. g3 O-O 8. Bg2
a5 9. Bb2 Nb4 10. a3 Na6 11. Nf3 Nc5 12. Nd4 c6 13. O-O Re8 14. b4 axb4 15.
axb4 Rxa1 16. Rxa1 Ne6 17. Nf5 Nc7 18. Nxe7+ Qxe7 19. b5 cxb5 20. cxb5 Bd7 21.
b6 Na8 22. Qd4 Qe5 23. Nd1 Qxd4 24. Bxd4 d5 25. Ne3 Bc6 26. Nf5 h6 27. e3 Kh7
28. h4 Kg6 29. Bh3 Bd7 30. h5+ Kh7 31. Bxf6 Nxb6 32. Bd4 Nc4 33. Nxg7 Rd8 34.
Bxd7 Rxd7 35. Ra8 f6 36. Ne8 1-0

[Event "?"]
[Site "?"]
[Date "2004.03.21"]
[Round "1.17"]
[White "Melnikova, Y."]
[Black "Zielinska, M."]
[Result "1-0"]
[WhiteElo "2171"]
[BlackElo "2414"]
[PlyCount "73"]
[EventDate "2004.??.??"]

1. e4 d6 2. d4 g6 3. Nc3 Bg7 4. Be3 a6 5. f4 b5 6. Bd3 Bb7 7. Nf3 Nd7 8. e5 Nh6
9. e6 fxe6 10. Ng5 Nf8 11. O-O Qd7 12. Bf2 Nf5 13. Be4 d5 14. Bd3 Qd6 15. Ne2
Qb6 16. c3 Nd7 17. Re1 Nf6 18. Nc1 Bc8 19. Nb3 h6 20. Nf3 Ng4 21. Nc5 Nxf2 22.
Kxf2 O-O 23. Ne5 Qd6 24. Kg1 b4 25. Qg4 Rf6 26. Nxg6 bxc3 27. bxc3 e5 28. fxe5
Rxg6 29. Qh5 Qc6 30. e6 Rg5 31. Qf7+ Kh8 32. Bxf5 Bb7 33. Bd3 Rf8 34. Qxe7 Bc8
35. Re3 Rg8 36. Rh3 Rxg2+ 37. Kh1 1-0

[Event "?"]
[Site "?"]
[Date "2004.03.21"]
[Round "1.18"]
[White "Slavina, I."]
[Black "Bensdorp, M."]
[Result "0-1"]
[WhiteElo "2413"]
[BlackElo "2161"]
[PlyCount "78"]
[EventDate "2004.??.??"]

1. d4 d5 2. c4 c6 3. Nf3 Nf6 4. Nc3 dxc4 5. a4 Bf5 6. Nh4 Bc8 7. e3 e5 8. Bxc4
exd4 9. exd4 Be7 10. O-O O-O 11. h3 Na6 12. Re1 Nc7 13. Bg5 Be6 14. Bxe6 Nxe6
15. Be3 Re8 16. Nf3 Qa5 17. Qb3 Qb4 18. Qc2 Rad8 19. a5 Nd5 20. a6 Nxe3 21.
fxe3 b5 22. Ne5 Rc8 23. Rf1 f6 24. Nd3 Qd6 25. b4 Ng5 26. Qf2 Bd8 27. Nc5 Bc7
28. Rfc1 Qh2+ 29. Kf1 Bg3 30. Qg1 Qxg1+ 31. Kxg1 Rxe3 32. Nb7 Rce8 33. Na5 R8e6
34. d5 cxd5 35. Nxd5 Re2 36. Nb7 h5 37. Nc3 Rb2 38. Nc5 Re3 39. Ra2 Rxc3 0-1

[Event "?"]
[Site "?"]
[Date "2004.03.21"]
[Round "1.19"]
[White "Vasiliev, O."]
[Black "Khurtsidze, N."]
[Result "0-1"]
[WhiteElo "2156"]
[BlackElo "2411"]
[PlyCount "104"]
[EventDate "2004.??.??"]

1. e4 c5 2. Nf3 e6 3. d4 cxd4 4. Nxd4 a6 5. Nc3 Qc7 6. g3 Bb4 7. Bd2 Nc6 8.
Nxc6 dxc6 9. Qg4 Bf8 10. f4 Nf6 11. Qe2 b5 12. e5 Nd5 13. Ne4 Bb7 14. Bg2 Be7
15. O-O c5 16. Rae1 O-O 17. f5 exf5 18. Rxf5 Rad8 19. Ng5 Bxg5 20. Bxg5 Rde8
21. Qd2 Nb6 22. e6 fxe6 23. Rxf8+ Rxf8 24. Bf4 Qc8 25. Bxb7 Qxb7 26. Rxe6 Nc4
27. Qc3 Qd7 28. Rxa6 g5 29. Qd3 Qb7 30. Bd6 Rf6 31. b3 Qxa6 32. Be7 Rf7 33.
Qd8+ Kg7 34. Bxc5 Qf6 35. Qxf6+ Kxf6 36. bxc4 bxc4 37. Kf2 Ke5+ 38. Ke3 Kd5 39.
Bb4 g4 40. Ke2 Ra7 41. a3 Ke4 42. c3 Ra6 43. Bf8 Ra5 44. Be7 Rb5 45. Bb4 Rh5
46. a4 Rxh2+ 47. Ke1 Ra2 48. a5 Kf3 49. Bd6 Rxa5 50. Bf4 h5 51. Bd6 Rd5 52. Be7
Rd3 0-1

[Event "?"]
[Site "?"]
[Date "2004.03.21"]
[Round "1.21"]
[White "Czaeczine, A."]
[Black "Foisor, C."]
[Result "1-0"]
[WhiteElo "2153"]
[BlackElo "2404"]
[PlyCount "145"]
[EventDate "2004.??.??"]

1. e4 c5 2. Nf3 a6 3. Nc3 b5 4. d4 e6 5. Be3 cxd4 6. Nxd4 Bb7 7. Bd3 Nf6 8. e5
Nd5 9. Nxd5 Bxd5 10. O-O Nc6 11. f4 Qc7 12. c3 Qb7 13. Rf2 h5 14. Be2 g6 15.
Bf3 Ne7 16. Nb3 Bxf3 17. Rxf3 Nf5 18. Bf2 Be7 19. Rd3 Rd8 20. Qe2 O-O 21. Nd4
Rfe8 22. Rad1 Qc7 23. Nxf5 exf5 24. Qd2 Qc4 25. a3 Qe6 26. h3 Kh7 27. Kh2 g5
28. fxg5 Qxe5+ 29. Bg3 Qg7 30. Bf4 f6 31. h4 d6 32. Rd5 fxg5 33. hxg5 Qg6 34.
Qd3 Rf8 35. Bxd6 Bxg5 36. Bxf8 Rxf8 37. Rd7+ Kh6 38. g3 h4 39. Rd6 Bf6 40. Qe3+
Kh7 41. Kg2 Re8 42. Qf2 Qg4 43. Re1 Rxe1 44. Qxe1 Bg7 45. Qe6 Qxg3+ 46. Kf1 Qg4
47. Rd5 Qf3+ 48. Ke1 Qh1+ 49. Ke2 Qg2+ 50. Kd1 Qg4+ 51. Kc2 h3 52. Qxf5+ Qxf5+
53. Rxf5 Kg6 54. Rf3 h2 55. Rh3 Be5 56. Kd3 Kf5 57. Ke2 a5 58. Kf3 a4 59. Kg2
Ke4 60. Rh4+ Bf4 61. Rh5 Be5 62. Rh4+ Bf4 63. Kh1 Ke3 64. Rh5 Kd3 65. Rxb5 Kc2
66. c4 Kb1 67. c5 Kc2 68. c6 Bd6 69. Rb7 Be5 70. Rb4 Bg3 71. Rxa4 Kxb2 72. Ra7
Kb3 73. c7 1-0

[Event "?"]
[Site "?"]
[Date "2004.03.21"]
[Round "1.23"]
[White "Meissner, C."]
[Black "Lomineishvili, M."]
[Result "0-1"]
[WhiteElo "2146"]
[BlackElo "2397"]
[PlyCount "84"]
[EventDate "2004.??.??"]

1. d4 Nf6 2. g3 d5 3. Bg2 b5 4. Nf3 e6 5. O-O Bb7 6. a4 b4 7. c4 bxc3 8. Nxc3
c5 9. Bg5 Nbd7 10. a5 Rc8 11. Re1 Be7 12. Bf4 a6 13. Bd2 O-O 14. e3 Bd6 15. Qb3
Rb8 16. Reb1 Qc7 17. Qd1 Rfc8 18. dxc5 Nxc5 19. Nd4 e5 20. Nf5 Bf8 21. b4 Nce4
22. Nxe4 Nxe4 23. Bxe4 dxe4 24. g4 Rd8 25. h3 Rd3 26. Qc1 Qd7 27. Be1 h5 28.
Qb2 hxg4 29. hxg4 g6 30. Ng3 Qxg4 31. b5 Re8 32. bxa6 Bxa6 33. Ra4 f5 34. Qe2
Qg5 35. Rb6 Ra8 36. Qa2+ Kh8 37. Qf7 Bd6 38. f4 exf3 39. Ra1 Bc5 40. Bf2 Bxe3
41. Rxg6 Bxf2+ 42. Kxf2 Qe3+ 0-1

[Event "?"]
[Site "?"]
[Date "2004.03.21"]
[Round "1.24"]
[White "Paehtz, E."]
[Black "Muhren, B."]
[Result "1-0"]
[WhiteElo "2399"]
[BlackElo "2135"]
[PlyCount "139"]
[EventDate "2004.??.??"]

1. e4 c5 2. Nf3 e6 3. d4 cxd4 4. Nxd4 Nf6 5. Bd3 Nc6 6. Nxc6 bxc6 7. O-O d5 8.
Nd2 Qb6 9. Qe2 Be7 10. b3 a5 11. Bb2 Bb7 12. c4 Rd8 13. Rac1 dxe4 14. Nxe4 c5
15. Nc3 Qd6 16. Rcd1 Qf4 17. f3 h5 18. Nb5 O-O 19. Bc3 Bc6 20. Bxa5 Rd7 21. a4
h4 22. Bd2 Qb8 23. Bc3 Rfd8 24. Be5 Qb7 25. Bc2 Nh7 26. h3 Nf6 27. Rxd7 Rxd7
28. Rd1 Rxd1+ 29. Qxd1 Nh5 30. Qd3 g6 31. Qe3 Kh7 32. Kf2 Qd7 33. Qd3 Qe8 34.
a5 Qa8 35. Bc3 Qb8 36. Qe3 Qg3+ 37. Kf1 Nf4 38. Qf2 Qg5 39. Bd2 Bf6 40. a6 Bxb5
41. cxb5 Bd4 42. Bxf4 Qxf4 43. Qe1 c4 44. bxc4 e5 45. Ke2 Kg7 46. Qd2 Qh2 47.
Kd3 Qg1 48. Bd1 Bb6 49. Kc2 Qc5 50. Kb3 Qe7 51. Bc2 Qc5 52. Be4 Qg1 53. Bc2 Qc5
54. Qd5 Qe3+ 55. Qd3 Qc5 56. Qc3 Kg8 57. Be4 Qc7 58. Qd3 Kg7 59. Qd5 Bd4 60.
Ka4 Bc3 61. b6 Qxb6 62. Qb5 Qg1 63. Qb7 Bd4 64. Bd5 Qd1+ 65. Kb5 Qb3+ 66. Kc6
Qa4+ 67. Qb5 Qa3 68. c5 Be3 69. Kb6 Bd4 70. a7 1-0

[Event "?"]
[Site "?"]
[Date "2004.03.21"]
[Round "1.25"]
[White "Shmirina, E."]
[Black "Mkrtchian, L."]
[Result "0-1"]
[WhiteElo "2135"]
[BlackElo "2395"]
[PlyCount "120"]
[EventDate "2004.??.??"]

1. e4 c5 2. Nf3 Nc6 3. d4 cxd4 4. Nxd4 Nf6 5. Nc3 e5 6. Ndb5 d6 7. Bg5 a6 8.
Na3 b5 9. Nd5 Be7 10. Bxf6 Bxf6 11. c3 O-O 12. Nc2 Rb8 13. Bd3 Be6 14. O-O Bxd5
15. exd5 Ne7 16. Qg4 g6 17. Ne3 Bg7 18. Qe2 f5 19. f4 Qb6 20. Kh1 exf4 21. Nc2
Be5 22. a4 Nxd5 23. axb5 axb5 24. Ra3 Qc5 25. Rfa1 Ne3 26. Nb4 Rb7 27. h3 Kh8
28. Qf3 Rg7 29. Ra8 Rgf7 30. Rxf8+ Rxf8 31. Qb7 Qc8 32. Qxb5 f3 33. gxf3 Qd8
34. Bf1 Qh4 35. Nc6 Bf4 36. Qd3 Qf6 37. b4 Rc8 38. b5 d5 39. Nd4 Re8 40. Ne2
Bc7 41. Re1 Qd6 42. f4 Bb6 43. Bg2 Nxg2 44. Kxg2 Re4 45. Rf1 Re3 46. Qd2 Qe6
47. Ng3 h5 48. h4 Kh7 49. Rd1 d4 50. cxd4 Qd5+ 51. Kh2 Qf3 52. Rg1 Qxf4 53. Qg2
Qxh4+ 54. Qh3 Qxh3+ 55. Kxh3 f4 56. Rd1 Rxg3+ 57. Kh2 Rb3 58. d5 Rxb5 59. d6
Kg7 60. d7 Bd8 0-1

[Event "?"]
[Site "?"]
[Date "2004.03.21"]
[Round "1.28"]
[White "Bojkovic, N."]
[Black "Bashkite, V."]
[Result "1-0"]
[WhiteElo "2391"]
[BlackElo "2119"]
[PlyCount "141"]
[EventDate "2004.??.??"]

1. e4 e6 2. d4 d5 3. Nd2 dxe4 4. Nxe4 Bd7 5. Nf3 Bc6 6. Bd3 Nd7 7. O-O Ngf6 8.
Ned2 b6 9. c3 Be7 10. Nc4 Bb7 11. Qe2 c5 12. Bf4 O-O 13. dxc5 Nxc5 14. Bc2 Be4
15. Rad1 Qc8 16. Bxe4 Ncxe4 17. Rd4 Qb7 18. Re1 Nc5 19. Nd6 Bxd6 20. Bxd6 Rfd8
21. Red1 Nce4 22. Be5 Qe7 23. h3 h6 24. R1d3 Nc5 25. Rd2 Rxd4 26. Rxd4 Rd8 27.
Qd1 Rxd4 28. Qxd4 Nce4 29. Ne1 Qd7 30. f3 Qxd4+ 31. Bxd4 Nd6 32. Kf2 Nd5 33.
Ke2 f6 34. Bf2 e5 35. Nd3 Nc4 36. Be1 Nce3 37. g3 g5 38. b3 b5 39. Bd2 Nf5 40.
g4 Nd6 41. Nf2 Kf7 42. Kd3 Nb6 43. Be3 Ke6 44. Bc5 Nb7 45. Bf8 Nd7 46. Ba3 f5
47. c4 bxc4+ 48. Kxc4 a6 49. Bb4 Nb6+ 50. Kd3 Nd7 51. Kc4 Nb6+ 52. Kd3 Nd7 53.
Bd2 Nbc5+ 54. Kc4 f4 55. b4 Nb7 56. a4 Nb6+ 57. Kb3 Nd6 58. Nd3 Kd5 59. Nc5 e4
60. a5 exf3 61. Be1 Nbc4 62. Nxa6 Ne4 63. Nc7+ Kc6 64. Ne6 Nxa5+ 65. bxa5 f2
66. Bxf2 Nxf2 67. Kc4 Nxh3 68. Nd4+ Kb7 69. Kb5 Ng1 70. a6+ Ka8 71. Kb6 1-0

[Event "?"]
[Site "?"]
[Date "2004.03.21"]
[Round "1.30"]
[White "Stepovaia, T."]
[Black "Lopatin, O."]
[Result "1-0"]
[WhiteElo "2374"]
[BlackElo "2116"]
[PlyCount "107"]
[EventDate "2004.??.??"]

1. e4 c5 2. Nf3 a6 3. Nc3 d6 4. g3 e6 5. d4 b6 6. Bg2 Bb7 7. O-O Nd7 8. Re1 Qc7
9. dxc5 bxc5 10. Na4 Ngf6 11. Nd2 Be7 12. c4 O-O 13. b3 Rfd8 14. Bb2 Nb6 15.
Nxb6 Qxb6 16. Qe2 a5 17. a4 Bc6 18. Rab1 Ra7 19. Nf1 Qb7 20. g4 Ne8 21. Bc3 Bf6
22. Bxf6 Nxf6 23. g5 Ne8 24. Ng3 Qe7 25. Qd2 Rb8 26. h4 Rab7 27. Qd3 Rb4 28.
Nf1 f6 29. f4 fxg5 30. fxg5 Qb7 31. Nd2 Rd8 32. Re2 Qd7 33. Rf1 Rbb8 34. Ref2
Nc7 35. Qc3 Ra8 36. h5 e5 37. Qg3 Rf8 38. g6 h6 39. Rf7 Rxf7 40. gxf7+ Kf8 41.
Qg6 Qd8 42. Qh7 Ne6 43. Qg8+ Ke7 44. f8=Q+ Qxf8 45. Rxf8 Rxf8 46. Qh7 Rf7 47.
Qg6 Ng5 48. Nf1 Bd7 49. Ne3 Be6 50. Nf5+ Bxf5 51. exf5 e4 52. Bxe4 Nh3+ 53. Kh2
Nf4 54. Qg4 1-0

[Event "?"]
[Site "?"]
[Date "2004.03.21"]
[Round "1.31"]
[White "Dimovski, A."]
[Black "Dworakowska, J."]
[Result "0-1"]
[WhiteElo "2111"]
[BlackElo "2370"]
[PlyCount "117"]
[EventDate "2004.??.??"]

1. e4 c5 2. Nf3 d6 3. d4 cxd4 4. Nxd4 Nf6 5. Nc3 a6 6. Nb3 e6 7. Bd3 b5 8. O-O
Nbd7 9. f4 Bb7 10. Qe2 Qc7 11. Bd2 Be7 12. Rae1 b4 13. Nd1 d5 14. e5 Ne4 15.
Bxe4 dxe4 16. Ne3 a5 17. Qg4 O-O 18. Rc1 Qb6 19. c3 Rfd8 20. Nd4 Ba6 21. Rfd1
Bc5 22. Be1 Bd3 23. Bf2 bxc3 24. bxc3 Rdc8 25. Qg3 Qb2 26. Ng4 Qxa2 27. f5 Kh8
28. f6 Rg8 29. Qh4 Rab8 30. Ra1 Qb2 31. Nc6 Rbc8 32. Bxc5 Rxc6 33. Ba7 gxf6 34.
exf6 e5 35. Bf2 Qxc3 36. Nh6 Rf8 37. Qg5 Rxf6 38. Rac1 Qb2 39. Nf5 Rg8 40. Rc8
Rfg6 41. Rxg8+ Rxg8 42. Qe7 Qb3 43. Rc1 Qe6 44. Qxe6 fxe6 45. Nd6 Rb8 46. Bg3
Kg8 47. Rc7 Nf6 48. h3 Nd5 49. Ra7 Nf4 50. Rxa5 Rb1+ 51. Kh2 Rb2 52. Bxf4 exf4
53. Rg5+ Kf8 54. Re5 f3 55. Nxe4 Rxg2+ 56. Kh1 Re2 57. Nc5 Rxe5 58. Nd7+ Ke8
59. Nxe5 0-1

[Event "?"]
[Site "?"]
[Date "2004.03.21"]
[Round "1.32"]
[White "Houska, J."]
[Black "Mammadova, N."]
[Result "1/2-1/2"]
[WhiteElo "2370"]
[BlackElo "2104"]
[PlyCount "126"]
[EventDate "2004.??.??"]

1. e4 c5 2. Nc3 Nc6 3. g3 g6 4. Bg2 Bg7 5. d3 d6 6. Be3 e6 7. Qd2 Rb8 8. Nge2
Nd4 9. O-O Ne7 10. Nc1 O-O 11. Nd1 b5 12. c3 Ndc6 13. Bh6 Qb6 14. Bxg7 Kxg7 15.
Ne3 b4 16. Nb3 a5 17. Qc2 Ba6 18. Rfd1 Ne5 19. Nc1 Rfd8 20. a3 d5 21. exd5 exd5
22. axb4 axb4 23. d4 cxd4 24. cxd4 Nc4 25. Nb3 Nxe3 26. fxe3 Bc8 27. Qc5 Nf5
28. Re1 Be6 29. Ra7 Nd6 30. Qxb6 Rxb6 31. Nc5 Nc8 32. Rc7 Kg8 33. Ra1 Nd6 34.
Nxe6 fxe6 35. Raa7 Nf5 36. Bh3 Nxe3 37. Rg7+ Kh8 38. Rxh7+ Kg8 39. Rag7+ Kf8
40. Rxg6 Re8 41. Kf2 Nd1+ 42. Ke2 Nxb2 43. Rh8+ Kf7 44. Rxe8 Kxg6 45. Rxe6+
Rxe6+ 46. Bxe6 Na4 47. Kd3 Nc3 48. Bg4 Kg5 49. Bf3 Kf5 50. Kc2 Nb5 51. Bxd5
Nxd4+ 52. Kd3 Ke5 53. Bg8 Nf3 54. h4 Nxh4 55. gxh4 Kf6 56. Ke4 Kg7 57. Bb3 Kg6
58. Kf4 Kh5 59. Kg3 Kh6 60. Kg4 Kg6 61. Bc2+ Kg7 62. Kg5 b3 63. Bb1 b2 1/2-1/2

[Event "?"]
[Site "?"]
[Date "2004.03.21"]
[Round "1.33"]
[White "Fuchs, A."]
[Black "Muzychuk, A."]
[Result "0-1"]
[WhiteElo "2099"]
[BlackElo "2367"]
[PlyCount "134"]
[EventDate "2004.??.??"]

1. e4 c5 2. Nc3 Nc6 3. Bb5 g6 4. Bxc6 bxc6 5. d3 Bg7 6. f4 d5 7. Nf3 Nf6 8. O-O
O-O 9. Qe1 e6 10. Kh1 Ba6 11. f5 Re8 12. fxg6 fxg6 13. Bg5 h6 14. Bd2 Qb8 15.
e5 Nd7 16. Rb1 Nxe5 17. Nxe5 Qxe5 18. Qxe5 Bxe5 19. Bxh6 c4 20. Rf3 cxd3 21.
cxd3 Rab8 22. Na4 Rb4 23. Nc5 Bc8 24. Bc1 Bg7 25. a3 Rb5 26. b4 e5 27. Bb2 a5
28. Bc3 Bf5 29. Re1 e4 30. d4 axb4 31. axb4 Ra8 32. Rg3 Bh6 33. Rf1 Kh7 34. h3
Ra3 35. Be1 Rxg3 36. Bxg3 Rxb4 37. Be5 e3 38. Kg1 e2 39. Re1 Be3+ 40. Kh2 Bxd4
41. Bxd4 Rxd4 42. Rxe2 Rc4 43. Nb3 Kg7 44. Re7+ Kf6 45. Rc7 Ke6 46. Na5 Kd6 47.
Rg7 Rc2 48. Kg3 Be4 49. Kf4 Rf2+ 50. Ke3 Rxg2 51. Nb7+ Ke5 52. Re7+ Kf6 53. Rc7
Rc2 54. h4 Kf5 55. Nd6+ Kg4 56. Nxe4 dxe4 57. Kxe4 Kxh4 58. Kf3 Rc3+ 59. Ke4 g5
60. Kf5 Rc5+ 61. Ke4 Rc1 62. Rg7 g4 63. Ke3 Rf1 64. Rg6 c5 65. Rg5 c4 66. Rc5
c3 67. Ke2 Rf3 0-1

[Event "?"]
[Site "?"]
[Date "2004.03.21"]
[Round "1.34"]
[White "Ovod, E."]
[Black "Skibbe, D."]
[Result "1-0"]
[WhiteElo "2357"]
[BlackElo "2094"]
[PlyCount "103"]
[EventDate "2004.??.??"]

1. d4 Nf6 2. c4 e6 3. Nc3 Bb4 4. Qc2 c5 5. dxc5 Bxc5 6. Nf3 b6 7. Bg5 Bb7 8. e4
d6 9. a3 a5 10. Be2 Nbd7 11. O-O h6 12. Bh4 g5 13. Bg3 Nh5 14. Rad1 Nxg3 15.
hxg3 Qe7 16. Qa4 O-O 17. e5 Rfd8 18. exd6 Bxd6 19. Nb5 Bc5 20. Qc2 Nf6 21. Nfd4
Rd7 22. Bf3 Rad8 23. Nb3 Bxf3 24. gxf3 a4 25. Rxd7 Rxd7 26. Nxc5 Qxc5 27. Qxa4
Rd2 28. Qb3 Qf5 29. Rd1 Ne4 30. Rxd2 Nxd2 31. Qc3 Nxf3+ 32. Kg2 g4 33. Nd4 Qe4
34. Nxf3 gxf3+ 35. Qxf3 Qxc4 36. b3 Qd4 37. Kh3 Kf8 38. Qe3 Qd5 39. Qxh6+ Ke7
40. Qh4+ Kd7 41. Qc4 Qh1+ 42. Kg4 Qd1+ 43. Kg5 Qf3 44. Qd4+ Kc6 45. Qa4+ Kd6
46. Qf4+ Qxf4+ 47. Kxf4 Kd5 48. Ke3 f5 49. f3 e5 50. g4 Ke6 51. gxf5+ Kxf5 52.
a4 1-0